• 首页
  • 本馆介绍
  • 公告通知
  • 最新文献
  • 馆藏检索
  • 电子资源
  • 读者导购
  • 参考咨询
  • 我的图书馆
  • 登录
  • 详细信息显示
  • 放入我的书架
  • 预约/预借图书
  • 作者相关作品
  • 分类相关作品
  • 丛书相关作品
  • 出版社相关作品

书目信息

  • 表格格式
  • 工作单格式
  • 卡片格式
题名:
销售的真谛
    
 
作者: 高学森 著
分册:  
出版信息: 北京   中华工商联合出版社有限责任公司  2017
页数: 227页
开本: 24cm
丛书名:
单 册:
中图分类: F713.3
科图分类:
主题词: 销售--人际关系学--通俗读物
电子资源:
ISBN: 978-7-5158-1881-8
000 00864nam0 2200241 450
001 012001000636
005 20140920091302.0
010    @a978-7-5158-1881-8@dCNY42.00
100    @a20170328d2017 em y0chiy50 ea
101 0  @achi
102    @aCN@b110000
105    @ay z 000yy
106    @ar
200 1  @a销售的真谛@9Xiao Shou De Zhen Di@dThe true meaning of sales@f高学森著@zeng
210    @a北京@c中华工商联合出版社有限责任公司@d2017
215    @a227页@d24cm
330    @a本书共分为八章,其主要内容包括:人际资源中“开源”,机遇才不会“节流”;没有朋友,生意难成;维系生意关系,延续长远利益;优化朋友网络,掌握提炼“人际资源金矿”等。
510 1  @aTrue meaning of sales@zeng
606 0  @a销售@x人际关系学@j通俗读物
690    @aF713.3@v5
701  0 @a高学森@9Gao Xue Sen@4著
801  0 @aCN@b上海新华@c20180901
905    @b1155160-64@dF713.3@e1021@f5
    
    销售的真谛=The true meaning of sales/高学森著.-北京:中华工商联合出版社有限责任公司,2017
    227页;24cm
    
    
    ISBN 978-7-5158-1881-8:CNY42.00
    本书共分为八章,其主要内容包括:人际资源中“开源”,机遇才不会“节流”;没有朋友,生意难成;维系生意关系,延续长远利益;优化朋友网络,掌握提炼“人际资源金矿”等。
●
相关链接 在E读中查询图书 在五车中查询图书 在当当中查询图书 在豆瓣中查询图书


正题名:销售的真谛     索取号:F713.3/1021         预约/预借

序号 登录号 条形码 馆藏地/架位号 状态 备注
1 1155160   211551603   第一样本阅览室/ [索取号:F713.3/1021] 在馆    
2 1155161   211551612   密集书库-海洋学院/ [索取号:F713.3/1021] 在馆    
3 1155162   211551621   第一借阅区/ [索取号:F713.3/1021] 在馆    
4 1155163   211551630   第一借阅区/ [索取号:F713.3/1021] 在馆    
5 1155164   211551649   第一借阅区/ [索取号:F713.3/1021] 在馆    
唐山师范学院图书馆 欢迎您!
大连网信软件有限公司© 版权所有